Maunder Taylor v Blaquire (Record no. 70887)
[ view plain ]
| 000 -LEADER | |
|---|---|
| fixed length control field | 01607cam a2200229 4500 |
| 001 - CONTROL NUMBER | |
| control field | ABS65749 |
| 008 - FIXED-LENGTH DATA ELEMENTS--GENERAL INFORMATION | |
| fixed length control field | 020802n2002 000 0 eng u |
| 035 ## - SYSTEM CONTROL NUMBER | |
| System control number | (Sirsi) u119167 |
| 245 ## - TITLE STATEMENT | |
| Title | Maunder Taylor v Blaquire |
| 260 ## - PUBLICATION, DISTRIBUTION, ETC. | |
| Date of publication, distribution, etc. | 2002 |
| 490 ## - SERIES STATEMENT | |
| Series statement | Estates Gazette |
| Volume/sequential designation | [2002] 30 EG 135-139 (5) |
| 520 ## - SUMMARY, ETC. | |
| Summary, etc. | CC 14 June 2002. Claimant (M) was appointed manager of a block of flats by the leasehold valuation tribunal (LVT) under the Landlord and Tenant Act 1987 as the landlord was in administrative receivership. M claimed arrears of service charges against defendant tenant (B) who counter-claimed for damages for disrepair. B contended that M as manager owed the same duties of repair as the landlord under the flat's lease and he would be liable for the breach of obligations from the date of his appointment. Furthermore B was entitled to set off his claim for damages against the service charge claim. "Held" The manager did not owe the tenant the duty of, or equivalent to, that owed by the landlord and that the imposition of such duties would be inconsistent with the scheme under Part XI of the 1987 Act. The set-off of damages against service charges would be inequitable as the funds held by the manager were subject to statutory trust against which it would not be appropriate to allow a set-off. |
| 590 ## - LOCAL NOTE (RLIN) | |
| Local note | ABS |
| 650 ## - SUBJECT ADDED ENTRY--TOPICAL TERM | |
| Topical term or geographic name entry element | LANDLORD AND TENANT ACT 1987 |
| 650 ## - SUBJECT ADDED ENTRY--TOPICAL TERM | |
| Topical term or geographic name entry element | SERVICE CHARGES |
| 650 ## - SUBJECT ADDED ENTRY--TOPICAL TERM | |
| Topical term or geographic name entry element | REPAIRING COVENANTS |
| 650 ## - SUBJECT ADDED ENTRY--TOPICAL TERM | |
| Topical term or geographic name entry element | MAUNDER TAYLOR V BLAQUIRE |
| 650 ## - SUBJECT ADDED ENTRY--TOPICAL TERM | |
| Topical term or geographic name entry element | LEASEHOLD VALUATION TRIBUNALS |
| 650 ## - SUBJECT ADDED ENTRY--TOPICAL TERM | |
| Topical term or geographic name entry element | SET-OFF |
| 690 ## - LOCAL SUBJECT ADDED ENTRY--TOPICAL TERM (OCLC, RLIN) | |
| Topical term or geographic name as entry element | LANDLORD AND TENANT-CASE LAW |
| 942 ## - ADDED ENTRY ELEMENTS (KOHA) | |
| Suppress in OPAC | 0 |
| Withdrawn status | Lost status | Source of classification or shelving scheme | Damaged status | Not for loan | Home library | Current library | Shelving location | Date acquired | Total Checkouts | Full call number | Barcode | Date last seen | Copy number | Price effective from | Koha item type |
|---|---|---|---|---|---|---|---|---|---|---|---|---|---|---|---|
| Dewey Decimal Classification | London | London | Journal article | 02/08/2002 | ABS65749 | 119167-1001 | 06/08/2019 | 1 | 06/08/2019 | Law report |